000 00558nam a22002170a 4500
001 PT34765
003 AR-LpoUNG
005 20210131230213.0
008 191001s1963||||ag |||||||||||||||||spa d
040 _aAR-LpoUNG
_bspa
_cAR-LpoUNG
_eaacr
041 _aspa
044 _aag
082 0 _a980.02 262ama
100 1 _aTeitelboim, Volodia
245 1 3 _aEl amanecer del capitalismo y la conquista de América
250 _a1§ edición
260 _aBuenos Aires :
_bFuturo,
_c1963.
300 _a189 p. :
_bil., fot.
905 _a34765
942 _cLIB
999 _c2129
_d2129